Natural disasters / (Record no. 48113)

MARC details
000 -LEADER
fixed length control field 00542nam a22001697a 4500
008 - FIXED-LENGTH DATA ELEMENTS--GENERAL INFORMATION
fixed length control field 170125b xxu||||| |||| 00| 0 eng d
020 ## - INTERNATIONAL STANDARD BOOK NUMBER
International Standard Book Number 9781259384561
050 ## - LIBRARY OF CONGRESS CALL NUMBER
Classification number GB 5014
Item number .A22 2014
100 ## - MAIN ENTRY--PERSONAL NAME
Personal name Abbott, Patrick L
245 ## - TITLE STATEMENT
Title Natural disasters /
Statement of responsibility, etc Patrick L. Abbott
250 ## - EDITION STATEMENT
Edition statement Ninth editon
260 ## - PUBLICATION, DISTRIBUTION, ETC. (IMPRINT)
Place of publication, distribution, etc New York :
Name of publisher, distributor, etc McGraw Hill,
Date of publication, distribution, etc [2014]
300 ## - PHYSICAL DESCRIPTION
Extent 1 v. (various pagings) :
Other physical details illustrations (chiefly color), maps (chiefly color) ;
Dimensions 28 cm
500 ## - GENERAL NOTE
General note Includes index
650 ## - SUBJECT ADDED ENTRY--TOPICAL TERM
Topical term or geographic name as entry element Natural disasters
942 ## - ADDED ENTRY ELEMENTS (KOHA)
Source of classification or shelving scheme Library of Congress Classification
Item type Book
Holdings
Withdrawn status Lost status Source of classification or shelving scheme Damaged status Not for loan Collection code Home library Current library Shelving location Date acquired Source of acquisition Cost, normal purchase price Total Checkouts Full call number Barcode Date last seen Date last borrowed Copy number Price effective from Koha item type
    Library of Congress Classification     Non-fiction Nairobi Campus Nairobi Campus General Circulation 25/01/2017 Donation-BFA 1000.00 1 GB 5014 .A22 2014 049690 13/06/2023 25/05/2023 1 25/01/2017 Book